Mind the viability gap (Record no. 115584)

MARC details
000 -LEADER
fixed length control field 01308cam a22002055a 4500
001 - CONTROL NUMBER
control field L158917
008 - FIXED-LENGTH DATA ELEMENTS--GENERAL INFORMATION
fixed length control field 151001s2015 xxk f 000 0 eng d
035 ## - SYSTEM CONTROL NUMBER
System control number (Sirsi) u158917
041 0# - LANGUAGE CODE
Language code of text/sound track or separate title eng
110 2# - MAIN ENTRY--CORPORATE NAME
Corporate name or jurisdiction name as entry element Investment Property Forum
9 (RLIN) 2112
245 00 - TITLE STATEMENT
Title Mind the viability gap
Remainder of title Achieving more large-scale build-to-rent housing a discussion paper
Medium electronic resource
260 ## - PUBLICATION, DISTRIBUTION, ETC.
Place of publication, distribution, etc. London
Name of publisher, distributor, etc. IPF
Date of publication, distribution, etc. 2015
520 ## - SUMMARY, ETC.
Summary, etc. Explains how the build-to-rent sector could provide an accelerated path to meeting the UK?s housing demands. A comparative analysis of the build-to-rent and build-to-sell sectors identifies the barriers to market, such as the build-to-rent sector?s lower annual rate of return that falls short of investors' requirements. Suggests solutions including consideration of affordable housing allocations, planning conditions, covenants and vendor land receipt levels. Appendices provide an illustrative development appraisal, together with a policy overview.
590 ## - LOCAL NOTE (RLIN)
Local note KA
650 24 - SUBJECT ADDED ENTRY--TOPICAL TERM
Topical term or geographic name entry element BUILD-TO-RENT
651 #4 - SUBJECT ADDED ENTRY--GEOGRAPHIC NAME
Geographic name United Kingdom
Chronological subdivision
690 ## - LOCAL SUBJECT ADDED ENTRY--TOPICAL TERM (OCLC, RLIN)
Topical term or geographic name as entry element Residential property
9 (RLIN) 6266
856 40 - ELECTRONIC LOCATION AND ACCESS
Uniform Resource Identifier <a href="https://www.ipf.org.uk/resourceLibrary/mind-the-viability-gap--achieving-more-large-scale--build-to-rent-housing--september-2015-.html">https://www.ipf.org.uk/resourceLibrary/mind-the-viability-gap--achieving-more-large-scale--build-to-rent-housing--september-2015-.html</a>
Public note View the item free of charge from www.ipf.org.uk
942 ## - ADDED ENTRY ELEMENTS (KOHA)
Suppress in OPAC 0
Holdings
Withdrawn status Lost status Source of classification or shelving scheme Damaged status Not for loan Home library Current library Shelving location Date acquired Total Checkouts Full call number Barcode Date last seen Copy number Price effective from Koha item type
    Dewey Decimal Classification     Virtual Virtual Online 01/10/2015   ONLINE PUBLICATION 158917-2001 06/08/2019 1 06/08/2019 Book